Предложение и текст: Межвузовский сборник научных трудов

Detalhes bibliográficos
Autor Corporativo: Рязанский государственный педагогический институт им. С. А. Есенина
Resumo:Исключено из фонда НТБ ТПУ
Idioma:russo
Publicado em: Рязань, Изд-во РязГПИ, 1992
Formato: MixedMaterials Livro
KOHA link:https://koha.lib.tpu.ru/cgi-bin/koha/opac-detail.pl?biblionumber=28223

MARC

LEADER 00000nam0a2200000 4500
001 28223
005 20231101205837.0
035 |a (RuTPU)RU\TPU\book\28479 
035 |a BOOK00028554 
090 |a 28223 
100 |a 20011209d1992 k y0rusy50 ca 
101 0 |a rus 
102 |a RU 
105 |a  000|y 
200 1 |a Предложение и текст  |e Межвузовский сборник научных трудов  |f РязГПИ 
210 |a Рязань  |c Изд-во РязГПИ  |d 1992 
215 |a 120 с. 
333 |a Исключено из фонда НТБ ТПУ 
712 0 2 |a Рязанский государственный педагогический институт им. С. А. Есенина  |9 23277 
801 0 |a RU  |b 63413507  |c 20011209  |g PSBO 
801 2 |a RU  |b 63413507  |c 20170306  |g RCR 
942 |c BK